000 00761nam a2200253Ia 4500
005 20250425162603.0
008 250425s9999 xx 000 0 und d
020 _a9789400766914
041 _aeng
082 _a551.6
_pASR
100 _aAsrar, Ghassem R.
245 0 _aClimate Science for Serving Society: Research, Modeling and Prediction Priorities
_cGhassem R. Asrar; James W. Hurrell
250 _a1a. edición
260 _aNew York
_bSpringer
_c2013
300 _a484 p.
_c23.4 cm.
500 _aContenido, lista de figuras, lista de tablas
504 _aReferencia bibliográfica
650 _aClimatología
650 _aEcosistemas
650 _aPredicciones
700 _aHurrell, James W.
_eCoautor
942 _c01
010 _a87466
999 _c232282
_d232282